[Event "ARG-ch sf U2300 6th"]
[Site "Capilla del Monte"]
[Date "2017.05.07"]
[Round "5.3"]
[White "Ubeira Montenegro, Enrique"]
[Black "Krumpholz, Dante"]
[Result "1-0"]
[WhiteElo "1655"]
[BlackElo "1714"]
[PlyCount "65"]
[EventDate "2017.05.06"]
[EventType "swiss"]
[EventRounds "6"]
[EventCountry "ARG"]
[SourceTitle "EXT 2024"]
[Source "ChessBase"]
[SourceDate "2023.10.10"]
[SourceVersion "1"]
[SourceVersionDate "2023.10.10"]
[SourceQuality "1"]

1. Nf3 d5 2. d4 Nf6 3. e3 g6 4. Bd3 Bg4 5. Nbd2 Nc6 6. h3 Bf5 7. Bxf5 gxf5 8. Nf1 Ne4 9. Ne5 e6 10. Qh5 Nxe5 11. dxe5 d4 12. f3 Bb4+ 13. Ke2 Nc5 14. exd4 Qxd4 15. Ne3 Qxe5 16. Rd1 Nd7 17. Kf1 Nf6 18. Qh4 Be7 19. Qa4+ b5 20. Qb3 f4 21. Ng4 Nxg4 22. fxg4 0-0 23. Bd2 Bh4 24. Qf3 Bg3 25. Bc3 Qc5 26. a3 Rfd8 27. Rac1 e5 28. Rd2 Bh2 29. Ke2 Bg1 30. Rf1 Be3 31. Rd3 Qc4 32. b3 Qc5 33. Qe4 1-0